A history of Rome, from its origins to 529 A.D. /

محفوظ في:

المؤلف الرئيسي: Hadas, Moses, 1900-1966 (مؤلف)

التنسيق: كتاب

اللغة: English

منشور في: Gloucester, Mass. : P. Smith, 1976, ©1956.

سلاسل: Doubleday anchor books ; A78.

الموضوعات:

الوسوم: إضافة وسم

لا توجد وسوم, كن أول من يضع وسما على هذه التسجيلة!

رقم الطلب: DG207 .A1 H3 1976

LEADER 01114nam a2200277I 4500
001 7194
003 OSt
005 20260115082839.0
008 130303t19761956maua 000 0 eng d
010 |a 56007540 
035 |a ocm00406399 
040 |c ARCE Library 
043 |a e------  |a ff-----  |a aw----- 
050 4 |a DG207 .A1 H3 1976 
100 1 |a Hadas, Moses,  |d 1900-1966,  |e author 
245 1 2 |a A history of Rome, from its origins to 529 A.D. /   |c as told by the Roman historians. 
264 1 |a Gloucester, Mass. :   |b P. Smith,   |c 1976, ©1956. 
300 |a 305 pages :  |b illustrations ;  |c 21 cm. 
490 1 |a Doubleday anchor books ;  |v A78. 
500 |a Reprint of ed. published by Anchor Books. 
505 0 |a Kings and early republic -- Mediterranean conquests -- A century of revolution -- The early empire -- Flavians and Antonines -- The Severi -- "Thirty tyrants" -- Diocletian and the Constantines -- The end of the united empire -- The empire divided -- Justinian. 
651 0 |a Rome  |x History. 
830 0 |a Doubleday anchor books ;  |v A78. 
901 |a reviewed 
942 |c BK  |2 lcc 
999 |c 5048  |d 5048